[Event "23rd ETCC Women 2021"]
[Site "Catez"]
[Date "2021.11.19"]
[Round "6.39"]
[White "Stoeri, Laura"]
[Black "Miturova, Magdalena"]
[Result "1/2-1/2"]
[WhiteElo "2130"]
[BlackElo "2248"]
[Annotator "TA"]
[PlyCount "90"]
[EventDate "2021.11.08"]
[EventType "team-tourn"]
[EventCountry "SLO"]
[WhiteTeam "Switzerland"]
[BlackTeam "Czech Republic"]
[WhiteTeamCountry "SUI"]
[BlackTeamCountry "CZE"]

{[%evp 18,90,21,20,29,28,10,18,26,17,21,22,33,24,31,12,19,11,6,0,96,0,133,51,
95,117,530,204,207,192,219,212,244,218,212,137,125,108,179,182,171,179,177,103,
99,97,79,83,88,92,123,121,176,173,229,222,208,152,254,247,249,241,456,239,247,
23,22,22,22,22,22,22,22,20,86]} 1. e4 e5 2. Nf3 Nc6 3. Bc4 Nf6 4. d3 Bc5 5. c3
O-O 6. O-O d6 7. a4 a6 8. Nbd2 {[%cal Bb1d2,Bd2f1,Bf1g3,Bg3f5][%mdl 32]} Ba7 9.
h3 Ne7 10. Re1 Ng6 {C54: Giuoco Piano: 4 c3 Nf6, main lines with 5 d4 and 5 d3.
} 11. Nf1 c6 12. Bb3 d5 13. Bg5 dxe4 14. dxe4 {[#]} Qe7 $146 ({Predecessor:} 
14... h6 15. Qxd8 Rxd8 16. Be3 Bxe3 17. Rxe3 a5 {1/2-1/2 (17) Robson,R (2644)
-Bruzon Batista,L (2660) Saint Louis 2017}) 15. Ng3 Nf4 16. Qc2 h6 17. Bxf4
exf4 18. Nf5 Qc5 (18... Bxf5 $11 19. exf5 Qc7) 19. N3d4 ({Better is} 19. N5d4
$16) 19... Re8 (19... Bxf5 $11 {remains equal.} 20. Nxf5 (20. exf5 Rfe8 $11)
20... Nd7) 20. Rad1 (20. e5 $1 $16 Bxf5 21. Nxf5 (21. Bxf7+ Kxf7 22. Qxf5 {
[%mdl 64] Double Attack, Pin} Qd5 $15)) 20... Kf8 21. Ba2 $1 {Threatens to win
with b4.} Kg8 $2 {[%mdl 8192] [#]} (21... Bxf5 $16 {is tougher.} 22. Nxf5 (22.
exf5 Rxe1+ 23. Rxe1 Re8 $11) 22... Rab8) 22. b4 $2 (22. Qb3 Qf8 $16) (22. Nxh6+
$1 {[%mdl 512]} gxh6 23. e5) 22... Qf8 $18 23. e5 Nd5 24. Nd6 Rd8 25. N4f5 Be6
26. Bb1 {Nxh6+! would kill now.} g6 27. Nh4 Qg7 (27... Qe7 $16 {is a better
defense.} 28. Nf3 (28. Nxg6 Qg5 $15) 28... b5) 28. Nxb7 Rd7 29. Nd6 Rad8 30.
Rc1 (30. Nf3 $18) 30... Bb8 $16 31. Ne4 Bxe5 32. Nc5 Re7 {[%cal Re5c3]} 33.
Nxe6 Rxe6 34. Nf3 Rde8 (34... Qf6 $16) 35. Ba2 $18 Bf6 (35... Bc7 {was
necessary.}) 36. Rxe6 fxe6 37. Bc4 Nc7 (37... g5 $16) 38. Qd3 Rd8 39. Qe4 Bxc3
$2 {[#]} (39... Rd6 40. Qxf4 Rd8) 40. Qxc6 (40. Rxc3 $142 $1 {[%mdl 512]} Qxc3
41. Ne5 (41. Qxg6+ Qg7 $11)) 40... Bxb4 41. Bxa6 $2 (41. Bxe6+ $18 Nxe6 42.
Qxe6+ Kh7 43. Qb6 (43. Qxa6 Rd7 $18)) 41... Rd6 $11 42. Qxc7 {The position is
equal.} Qxc7 43. Rxc7 Rxa6 44. Rc4 Bd6 45. Nd4 {Strongly threatening Rc6.} Kf7
{Weighted Error Value: White=0.48/Black=0.50} (45... Be5 $11) 1/2-1/2

[Event "23rd ETCC Women 2021"]
[Site "Catez"]
[Date "2021.11.19"]
[Round "6.40"]
[White "Richterova, Natasa"]
[Black "De Seroux, Camille"]
[Result "1-0"]
[WhiteElo "2185"]
[BlackElo "2125"]
[Annotator "ChessBase"]
[PlyCount "133"]
[EventDate "2021.11.08"]
[EventType "team-tourn"]
[EventCountry "SLO"]
[WhiteTeam "Czech Republic"]
[BlackTeam "Switzerland"]
[WhiteTeamCountry "CZE"]
[BlackTeamCountry "SUI"]
[TimeControl "40/5400+30:1800+30"]

1. Nf3 {[%emt 0:00:03]} c5 {[%emt 0:00:07]} 2. c4 {[%emt 0:00:05]} Nc6 {
[%emt 0:00:26]} 3. Nc3 {[%emt 0:00:07]} g6 {[%emt 0:00:17]} 4. e3 {[%emt 0:00:
34]} Nf6 {[%emt 0:07:55]} 5. d4 {[%emt 0:01:41]} cxd4 {[%emt 0:02:10]} 6. exd4
{[%emt 0:00:14]} d5 {[%emt 0:01:29]} 7. Bg5 {[%emt 0:00:15]} Ne4 {[%emt 0:11:
07]} 8. cxd5 {[%emt 0:00:35]} Nxc3 {[%emt 0:01:38]} 9. bxc3 {[%emt 0:00:02]}
Qxd5 {[%emt 0:01:30]} 10. Qb3 {[%emt 0:01:01]} Qxb3 {[%emt 0:18:39]} 11. axb3 {
[%emt 0:00:07]} Bg7 {[%emt 0:00:10]} 12. Bb5 {[%emt 0:02:11]} Bd7 {[%emt 0:03:
47]} 13. O-O {[%emt 0:02:16]} h6 {[%emt 0:02:12]} 14. Bd2 {[%emt 0:17:05]} e6 {
[%emt 0:05:10]} 15. Rfe1 {[%emt 0:06:42]} O-O {[%emt 0:00:56]} 16. Bf4 {
[%emt 0:08:29]} a6 {[%emt 0:03:22]} 17. Bd3 {[%emt 0:02:31]} Rac8 {[%emt 0:01:
30]} 18. Rac1 {[%emt 0:14:52]} Rfd8 {[%emt 0:03:30]} 19. Be4 {[%emt 0:13:41]}
g5 {[%emt 0:06:29]} 20. Bd6 {[%emt 0:07:13]} Na5 {[%emt 0:08:33]} 21. Nd2 {
[%emt 0:00:45]} Be8 {[%emt 0:04:55]} 22. Be7 {[%emt 0:02:16]} Rd7 {[%emt 0:00:
26]} 23. Bb4 {[%emt 0:00:56]} Nc6 {[%emt 0:01:16]} 24. Bc5 {[%emt 0:01:15]} f5
{[%emt 0:09:05]} 25. Bb1 {[%emt 0:01:40]} Ne5 {[%emt 0:03:36]} 26. Ba3 {
[%emt 0:04:28]} Bf7 {[%emt 0:00:37]} 27. Red1 {[%emt 0:01:29]} Ng6 {[%emt 0:01:
09]} 28. Nc4 {[%emt 0:00:45]} Nf4 {[%emt 0:01:04]} 29. Re1 {[%emt 0:00:08]} Rc6
{[%emt 0:00:36]} 30. Bb2 {[%emt 0:02:04]} Rd5 {[%emt 0:01:06]} 31. g3 {[%emt 0:
00:54]} Ng6 {[%emt 0:00:25]} 32. Ne3 {[%emt 0:00:16]} Rd8 {[%emt 0:00:25]} 33.
d5 {[%emt 0:01:55]} exd5 {[%emt 0:00:13]} 34. Nxf5 {[%emt 0:00:04]} Bf8 {
[%emt 0:00:38]} 35. Nd4 {[%emt 0:00:01]} Rb6 {[%emt 0:00:55]} 36. Bc2 {[%emt 0:
01:38]} Bg7 {[%emt 0:00:26]} 37. Nf5 {[%emt 0:01:34]} Bf8 {[%emt 0:00:06]} 38.
Rcd1 {[%emt 0:00:16]} Rc8 {[%emt 0:00:57]} 39. Ne3 {[%emt 0:01:40]} Ne5 {
[%emt 0:00:24]} 40. Kg2 {[%emt 0:02:42]} Nc4 {[%emt 0:00:34]} 41. bxc4 {
[%emt 0:33:50]} Rxb2 {[%emt 0:05:00]} 42. Bf5 {[%emt 0:00:00]} Rxc4 {[%emt 0:
10:17]} 43. Nxc4 {[%emt 0:00:00]} dxc4 {[%emt 0:00:06]} 44. Be6 {[%emt 0:00:00]
} Bxe6 {[%emt 0:07:23]} 45. Rxe6 {[%emt 0:00:00]} Bc5 {[%emt 0:03:32]} 46. Rxh6
{[%emt 0:00:00]} Rxf2+ {[%emt 0:03:14]} 47. Kh3 {[%emt 0:00:00]} Kg7 {[%emt 0:
01:18]} 48. Re6 {[%emt 0:00:00]} b6 {[%emt 0:01:00]} 49. Rd7+ {[%emt 0:00:00]}
Kf8 {[%emt 0:00:52]} 50. Rc6 {[%emt 0:00:00]} Rf7 {[%emt 0:01:52]} 51. Rxf7+ {
[%emt 0:00:00]} Kxf7 {[%emt 0:00:01]} 52. Kg4 {[%emt 0:00:00]} a5 {[%emt 0:00:
59]} 53. Kf5 {[%emt 0:00:00]} a4 {[%emt 0:00:34]} 54. Rc7+ {[%emt 0:00:00]} Ke8
{[%emt 0:00:45]} 55. Ke6 {[%emt 0:00:00]} Kd8 {[%emt 0:00:14]} 56. Ra7 {
[%emt 0:00:00]} a3 {[%emt 0:00:54]} 57. Kd5 {[%emt 0:00:00]} Kc8 {[%emt 0:00:
27]} 58. Kxc4 {[%emt 0:00:00]} g4 {[%emt 0:00:39]} 59. Kb3 {[%emt 0:00:00]} Bg1
{[%emt 0:00:30]} 60. Rg7 {[%emt 0:00:00]} Bxh2 {[%emt 0:00:22]} 61. Rxg4 {
[%emt 0:00:00]} Kd7 {[%emt 0:00:23]} 62. Rg6 {[%emt 0:00:00]} Bg1 {[%emt 0:00:
29]} 63. Kxa3 {[%emt 0:00:00]} Ke7 {[%emt 0:00:13]} 64. Kb4 {[%emt 0:00:00]}
Kf7 {[%emt 0:00:13]} 65. Rc6 {[%emt 0:00:00]} Bf2 {[%emt 0:00:14]} 66. g4 {
[%emt 0:00:00]} Be3 {[%emt 0:00:28]} 67. Kb5 {[%emt 0:00:00]} 1-0

[Event "23rd ETCC Women 2021"]
[Site "Catez"]
[Date "2021.11.19"]
[Round "6.41"]
[White "Hrescak, Ivana"]
[Black "Garcia Martin, Marta"]
[Result "0-1"]
[WhiteElo "2138"]
[BlackElo "2324"]
[Annotator "TA"]
[PlyCount "86"]
[EventDate "2021.11.08"]
[EventType "team-tourn"]
[EventCountry "SLO"]
[WhiteTeam "Slovenia"]
[BlackTeam "Spain"]
[WhiteTeamCountry "SLO"]
[BlackTeamCountry "ESP"]

{[%evp 9,85,0,0,0,0,0,14,-9,0,0,3,-55,-47,-41,-35,-151,-146,-151,-163,-160,
-114,-110,-116,-116,-110,-103,-100,-118,-99,-175,-72,-72,-72,-62,0,0,0,8,40,22,
21,18,27,0,0,0,0,0,214,0,37,0,0,0,0,-448,-368,-29986,-29987,-29987,-29988,
-29988,-29989,-29989,-29976,-5310,-527,-29992,-29993,-29996,-29997,-29997,
-29989,-29989,-29990,-29998,-29999,-29999]} 1. d4 Nf6 2. c4 e6 3. Nc3 Bb4 4. e3
O-O 5. Nge2 c6 6. a3 {E46: Nimzo-Indian: Rubinstein: 4 e3 0-0 5 Ne2 without
early Bd3.} Ba5 7. Qc2 d5 8. cxd5 {The position is equal.} exd5 9. Ng3 {[#]} h5
$146 ({Predecessor:} 9... Re8 10. Bd3 Nbd7 11. b4 Bc7 12. O-O Nf8 13. b5 Ng4
14. bxc6 bxc6 15. Na4 h5 {0-1 (23) Boucquet,E (2161)-Docx,S (2417) Brasschaat
2015}) 10. Be2 (10. Bd3 $11) 10... h4 $15 11. Nf1 Re8 12. g3 (12. Bd2 $15)
12... c5 $1 $17 13. dxc5 d4 14. exd4 Nc6 (14... Qxd4 15. b4 $14) 15. Be3 Nxd4 {
[%cal Rd4c2]} 16. Qd1 {[#]} Qd5 {Strongly threatening ...Bg4.} 17. Qxd4 Qxh1
18. O-O-O Bxc3 19. Qxc3 (19. bxc3 $17 hxg3 20. Nxg3) 19... Nd5 (19... Bg4 $1
$19 {[%cal Rg4e2] has better winning chances.} 20. Bxg4 Nxg4) 20. Qd4 Nxe3 {
[%mdl 64] Overworked Piece} 21. Nxe3 Qxh2 (21... Qc6 $1 $15) 22. Bb5 $11 Rf8
23. Nd5 $1 {[%cal Rd5e7]} Be6 24. Ne7+ Kh8 25. Qe4 $1 {Threatens to win with
Rh1.} Rad8 $1 {[%cal Rd8d1]} (25... hxg3 $2 26. Rh1 $18) 26. Bd3 Rxd3 $1 27.
Rxd3 {Hoping for Rd4.} hxg3 28. Rxg3 Qh6+ $2 {[#]} (28... Rd8 $11 {and Black
stays safe.}) 29. Re3 $2 ({White must play} 29. f4 $1 $18 {aiming for Rg1.} Re8
{[#]} 30. Rg1 $1) 29... Qg5 30. Qh1+ Qh6 31. Qxb7 {Black must now prevent Kb1.}
Re8 $1 $36 {[%mdl 2048] Black is more active.} 32. Nf5 $2 {[%mdl 8192]} Bxf5
$19 33. Qxf7 $2 (33. Qf3 $19 Be6 34. c6) 33... Qh1+ 34. Kd2 Rd8+ 35. Kc3 Qc1+
36. Kb3 Bc2+ 37. Kb4 Qd2+ (37... a5+ $142 38. Kb5 Qxb2+ 39. Ka6 Ra8+ 40. Qa7
Qf6+ 41. Kb7 Rxa7+ 42. Kxa7 Qc6) 38. Rc3 Rb8+ {Black mates.} 39. Kc4 Qe2+ 40.
Kd5 Qe4+ 41. Kd6 Qd4+ 42. Kc7 Qd8+ 43. Kc6 Ba4# {Weighted Error Value: White=0.
67/Black=0.32} 0-1

[Event "23rd ETCC Women 2021"]
[Site "Catez"]
[Date "2021.11.19"]
[Round "6.42"]
[White "Matnadze, Ana"]
[Black "Kolaric, Spela"]
[Result "1-0"]
[WhiteElo "2418"]
[BlackElo "2178"]
[Annotator "ChessBase"]
[PlyCount "65"]
[EventDate "2021.11.08"]
[EventType "team-tourn"]
[EventCountry "SLO"]
[WhiteTeam "Spain"]
[BlackTeam "Slovenia"]
[WhiteTeamCountry "ESP"]
[BlackTeamCountry "SLO"]
[TimeControl "40/5400+30:1800+30"]

1. d4 {[%emt 0:00:03]} d5 {[%emt 0:00:34]} 2. Nf3 {[%emt 0:00:07]} Nf6 {
[%emt 0:00:24]} 3. g3 {[%emt 0:00:06]} Bf5 {[%emt 0:00:22]} 4. Bg2 {[%emt 0:00:
06]} c6 {[%emt 0:00:27]} 5. O-O {[%emt 0:00:08]} e6 {[%emt 0:00:46]} 6. c4 {
[%emt 0:00:11]} Nbd7 {[%emt 0:01:43]} 7. Nc3 {[%emt 0:00:24]} h6 {[%emt 0:00:
42]} 8. Qb3 {[%emt 0:01:50]} Qb6 {[%emt 0:01:44]} 9. c5 {[%emt 0:00:17]} Qxb3 {
[%emt 0:00:56]} 10. axb3 {[%emt 0:00:06]} a6 {[%emt 0:00:41]} 11. b4 {[%emt 0:
00:06]} Rc8 {[%emt 0:01:30]} 12. Nd2 {[%emt 0:00:16]} Be7 {[%emt 0:01:00]} 13.
f3 {[%emt 0:01:19]} g5 {[%emt 0:08:02]} 14. e4 {[%emt 0:00:26]} dxe4 {[%emt 0:
03:53]} 15. fxe4 {[%emt 0:00:09]} Bg6 {[%emt 0:01:08]} 16. Nc4 {[%emt 0:04:13]}
O-O {[%emt 0:04:13]} 17. Re1 {[%emt 0:01:42]} Rfe8 {[%emt 0:16:48]} 18. Bd2 {
[%emt 0:01:59]} Bf8 {[%emt 0:04:22]} 19. h4 {[%emt 0:01:54]} Nh7 {[%emt 0:11:
06]} 20. Bf3 {[%emt 0:04:02]} f6 {[%emt 0:08:48]} 21. d5 {[%emt 0:01:46]} Nb8 {
[%emt 0:13:04]} 22. dxe6 {[%emt 0:01:27]} Rcd8 {[%emt 0:00:46]} 23. h5 {
[%emt 0:00:21]} Bxh5 {[%emt 0:01:37]} 24. Bxh5 {[%emt 0:00:07]} Rxe6 {[%emt 0:
00:06]} 25. Be3 {[%emt 0:00:46]} Bg7 {[%emt 0:03:42]} 26. Rad1 {[%emt 0:00:29]}
Rf8 {[%emt 0:00:15]} 27. Nd6 {[%emt 0:00:40]} Re7 {[%emt 0:00:36]} 28. Nf5 {
[%emt 0:00:26]} Rc7 {[%emt 0:00:47]} 29. Rd6 {[%emt 0:00:48]} Rfc8 {[%emt 0:01:
20]} 30. Red1 {[%emt 0:00:48]} Nf8 {[%emt 0:00:54]} 31. Bd4 {[%emt 0:01:21]}
Nh7 {[%emt 0:00:45]} 32. Nxg7 {[%emt 0:00:17]} Kxg7 {[%emt 0:00:13]} 33. e5 {
[%emt 0:00:10]} 1-0

[Event "23rd ETCC Women 2021"]
[Site "Catez"]
[Date "2021.11.19"]
[Round "6.43"]
[White "Ruzic, Pia Marie"]
[Black "Eizaguerri Floris, Maria"]
[Result "1-0"]
[WhiteElo "2049"]
[BlackElo "2328"]
[Annotator "TA"]
[PlyCount "73"]
[EventDate "2021.11.08"]
[EventType "team-tourn"]
[EventCountry "SLO"]
[WhiteTeam "Slovenia"]
[BlackTeam "Spain"]
[WhiteTeamCountry "SLO"]
[BlackTeamCountry "ESP"]

{[%evp 16,73,48,50,80,36,39,45,48,44,52,61,55,49,68,62,45,50,79,83,123,119,362,
347,356,356,333,341,367,359,461,462,460,460,451,441,437,422,463,452,604,588,
560,291,544,514,579,566,877,868,810,766,1173,1151,1080,1033,29975,29974,6116,
3449]} 1. Nf3 d5 2. c4 e6 3. g3 Nf6 4. Bg2 dxc4 5. Qa4+ Nbd7 6. Qxc4 a6 7. Qc2
c5 8. O-O {8.Nc3 might become the main line.} Bd6 9. d4 O-O {[#] E03: Open
Catalan: 5 Qa4+ Nbd7 6 Qxc4.} 10. a4 $146 ({Predecessor:} 10. Rd1 Qe7 11. Nc3
Rb8 12. dxc5 Bxc5 13. Bf4 e5 14. Bg5 Qe6 15. Bxf6 Nxf6 16. Na4 Ba7 17. Qc7 {
1-0 (51) Bok,B (2881)-Gordievsky,D (2737) Chess.com INT 2020}) 10... cxd4 11.
Nxd4 Nb6 {White is slightly better.} 12. Rd1 Qe7 13. Nc3 h6 14. e4 e5 15. Nf5
Bxf5 16. exf5 Bb4 17. Qb3 Rab8 18. Be3 Nbd7 {[#] Loses the game.} (18... Bc5
$16 {was called for.}) 19. Rxd7 $1 $18 {[%mdl 576] Deflection} Qxd7 (19... Nxd7
20. Nd5 $18) 20. Qxb4 Qxf5 21. Ba7 (21. Bxb7 $2 Qd7 $19) 21... Ra8 22. Qxb7 Qc2
{intending ...Rxa7.} 23. Nd5 Nxd5 24. Bxd5 Rac8 25. Be3 Qg6 26. b3 Kh8 27. Qb6
Qh5 28. Qxa6 f5 29. f4 exf4 $2 (29... Rc2 30. Bg2 (30. fxe5 {is a self mate.}
Qxh2+ 31. Kf1 f4 32. Qd6 Rfc8 33. Qa6 fxe3 34. Qxc8+ Rxc8 35. Bg2 Rc2 36. Ke1
Rxg2 37. Kf1 Qh1#) (30. h4 Rd8 $11) 30... exf4) 30. Bxf4 ({But not} 30. Rc1 $2
Rxc1+ 31. Bxc1 Qd1+ 32. Qf1 Qxd5 $19) 30... Rc2 31. h4 Qg4 {Threatens to win
with ...Qh3.} 32. Qd3 Rfc8 33. Bc4 Rb2 34. Be5 Rxc4 35. Qxc4 Qh3 36. Bxb2 Qxg3+
37. Kf1 {Weighted Error Value: White=0.14/Black=0.77} 1-0

[Event "23rd ETCC Women 2021"]
[Site "Catez"]
[Date "2021.11.19"]
[Round "6.44"]
[White "Calzetta Ruiz, Monica"]
[Black "Hercog, Nusa"]
[Result "1-0"]
[WhiteElo "2201"]
[BlackElo "1983"]
[Annotator "TA"]
[PlyCount "81"]
[EventDate "2021.11.08"]
[EventType "team-tourn"]
[EventCountry "SLO"]
[WhiteTeam "Spain"]
[BlackTeam "Slovenia"]
[WhiteTeamCountry "ESP"]
[BlackTeamCountry "SLO"]

{[%evp 18,81,30,20,29,27,31,35,51,51,51,41,64,77,69,73,86,98,69,68,65,61,80,77,
91,93,90,90,84,65,72,62,70,70,57,52,53,46,46,47,54,54,66,53,54,51,52,54,62,58,
63,46,46,46,46,46,53,55,290,283,1177,1146,29987,29988,29988,29989]} 1. e4 c6 2.
c4 d5 3. exd5 cxd5 4. cxd5 Nf6 5. Nc3 Nxd5 6. Nf3 Nc6 7. Bb5 e6 8. O-O Be7 9.
d4 O-O 10. Re1 a6 {Threatens to win with ...Nxc3. B10: Caro-Kann: 2 d3 and 2
c4.} 11. Bxc6 bxc6 12. Ne5 Qc7 {White is slightly better.} 13. Nxd5 cxd5 14.
Bf4 Qb6 15. Re3 f6 {[#]} 16. Rb3 $1 Qa7 (16... Qd8 17. Nc6) 17. Nc6 Qd7 {[#]}
18. Nxe7+ $146 ({Predecessor:} 18. Nb8 Qe8 19. Rc1 a5 20. Rb6 Qg6 21. f3 Re8
22. Nc6 Bf8 23. Bg3 a4 24. Nb8 {1/2-1/2 (32) Breuer,E-Paessler,H (2231) ICCF
email 2002}) 18... Qxe7 19. Rc1 Ra7 20. Rb6 {Strongly threatening Bd6.} Rd8 {
[#]} 21. Bd6 $1 Qe8 22. Bc7 Rd7 23. Bb8 (23. Rbc6 {is more complex.} Rf7 24.
R6c5 Bd7 25. b3 Ra8 26. Qf3) 23... Rab7 {[#]} 24. Rxe6 Re7 {[%cal Re7e6]} 25.
Rxe7 Rxe7 26. Bg3 Bf5 27. h3 Re2 28. Qb3 Re1+ 29. Rxe1 Qxe1+ 30. Kh2 Qe6 31.
Qb8+ Qc8 32. Qd6 Qe6 33. Qd8+ Kf7 34. b4 {[%cal Bb2b4,Bb4b5,Bb5b6][%mdl 32]}
Qd7 35. Qb6 (35. Qb8 {looks sharper.} Bd3 36. Bd6 Bb5 37. Bc5 h6 38. a3) 35...
Bd3 36. Bd6 Bc4 37. a4 {b5! is the strong threat.} Qe8 {A mistake that costs
the game.} (37... Bb3 $14) 38. b5 $1 $18 {[%cal Rb5a6]} Qc8 (38... axb5 39. a5
b4) 39. Qa7+ Kg8 40. b6 Qd8 41. Qc7 {Weighted Error Value: White=0.02/Black=0.
55} 1-0

[Event "23rd ETCC Women 2021"]
[Site "Catez"]
[Date "2021.11.19"]
[Round "6.45"]
[White "Novkovic, Julia"]
[Black "Goossens, Hanne"]
[Result "1/2-1/2"]
[WhiteElo "2082"]
[BlackElo "2126"]
[Annotator "ChessBase"]
[PlyCount "73"]
[EventDate "2021.11.08"]
[EventType "team-tourn"]
[EventCountry "SLO"]
[WhiteTeam "Austria"]
[BlackTeam "Belgium"]
[WhiteTeamCountry "AUT"]
[BlackTeamCountry "BEL"]
[TimeControl "40/5400+30:1800+30"]

1. e4 {[%emt 0:00:06]} c5 {[%emt 0:00:13]} 2. Nf3 {[%emt 0:00:05]} d6 {[%emt 0:
00:07]} 3. Bb5+ {[%emt 0:00:38]} Bd7 {[%emt 0:00:17]} 4. Bxd7+ {[%emt 0:00:10]}
Nxd7 {[%emt 0:00:08]} 5. O-O {[%emt 0:01:05]} Ngf6 {[%emt 0:00:17]} 6. Re1 {
[%emt 0:00:15]} e6 {[%emt 0:00:41]} 7. c4 {[%emt 0:02:47]} Be7 {[%emt 0:00:49]}
8. d4 {[%emt 0:01:42]} cxd4 {[%emt 0:00:31]} 9. Nxd4 {[%emt 0:00:22]} O-O {
[%emt 0:01:10]} 10. Nc3 {[%emt 0:10:50]} Qa5 {[%emt 0:04:51]} 11. Nde2 {
[%emt 0:08:40]} Rac8 {[%emt 0:05:54]} 12. b3 {[%emt 0:00:20]} a6 {[%emt 0:02:
00]} 13. Bd2 {[%emt 0:02:02]} Qc7 {[%emt 0:04:19]} 14. Bf4 {[%emt 0:04:25]} Qb8
{[%emt 0:07:22]} 15. a4 {[%emt 0:02:38]} Rfd8 {[%emt 0:11:31]} 16. Rc1 {
[%emt 0:01:51]} Ne5 {[%emt 0:05:37]} 17. Ng3 {[%emt 0:05:48]} b6 {[%emt 0:05:
43]} 18. f3 {[%emt 0:06:52]} Nfd7 {[%emt 0:03:22]} 19. Re2 {[%emt 0:04:34]} Nc5
{[%emt 0:07:33]} 20. Rd2 {[%emt 0:00:14]} Rc7 {[%emt 0:01:49]} 21. Nf1 {
[%emt 0:03:35]} Rdc8 {[%emt 0:02:57]} 22. Rb1 {[%emt 0:05:47]} Ncd7 {[%emt 0:
02:58]} 23. Ne3 {[%emt 0:02:02]} Bf8 {[%emt 0:01:04]} 24. Bg3 {[%emt 0:05:09]}
Qb7 {[%emt 0:02:21]} 25. h4 {[%emt 0:05:21]} Qa7 {[%emt 0:10:45]} 26. Bf2 {
[%emt 0:00:52]} Qb7 {[%emt 0:00:42]} 27. h5 {[%emt 0:02:58]} h6 {[%emt 0:00:44]
} 28. f4 {[%emt 0:02:28]} Nc6 {[%emt 0:00:20]} 29. Ng4 {[%emt 0:03:14]} Kh8 {
[%emt 0:04:34]} 30. Bh4 {[%emt 0:03:23]} Nb4 {[%emt 0:02:22]} 31. Bf2 {[%emt 0:
05:22]} Be7 {[%emt 0:02:59]} 32. Bd4 {[%emt 0:02:03]} Nc6 {[%emt 0:01:51]} 33.
Be3 {[%emt 0:01:46]} Nf6 {[%emt 0:02:28]} 34. Nf2 {[%emt 0:01:49]} Nb4 {
[%emt 0:01:50]} 35. Bd4 {[%emt 0:01:32]} Nc6 {[%emt 0:01:24]} 36. Be3 {[%emt 0:
00:19]} Nb4 {[%emt 0:00:09]} 37. Bd4 {[%emt 0:00:16]} 1/2-1/2

[Event "23rd ETCC Women 2021"]
[Site "Catez"]
[Date "2021.11.19"]
[Round "6.46"]
[White "Barbier, Wiebke"]
[Black "Hapala, Elisabeth"]
[Result "0-1"]
[WhiteElo "1964"]
[BlackElo "2139"]
[Annotator "TA"]
[PlyCount "66"]
[EventDate "2021.11.08"]
[EventType "team-tourn"]
[EventCountry "SLO"]
[WhiteTeam "Belgium"]
[BlackTeam "Austria"]
[WhiteTeamCountry "BEL"]
[BlackTeamCountry "AUT"]

{[%evp 9,66,-2,12,1,8,1,33,24,45,-18,-15,-16,-16,-37,-35,-34,-29,-81,-53,-79,
-84,-113,-87,-107,-89,-85,-79,-100,-52,-104,-73,-71,-73,-122,-99,-122,-100,
-220,-235,-384,-388,-388,-371,-504,-500,-408,-267,-306,-294,-410,-330,-418,
-414,-555,-522,-977,-956,-947,-939]} 1. e4 c5 2. Be2 Nc6 3. d3 d5 4. exd5 Qxd5
5. Nf3 e5 6. Nc3 {B31: Sicilian: 2...Nc6 3 Bb5 g6.} Qd8 7. O-O Nf6 8. Bg5 {
White is slightly better.} Be7 {[#]} 9. h3 $146 (9. Nd2 $14) ({Predecessor:} 9.
Bxf6 Bxf6 10. Ne4 b6 11. c3 O-O 12. Qc2 Bf5 13. Rad1 Qe7 14. Ng3 Bg6 15. Qc1 {
0-1 (39) Zavaczki,H-Kiss,Z (2235) Playchess.com INT 2004}) 9... Be6 10. Re1 O-O
11. Bh4 Nd5 12. Bxe7 Qxe7 13. Qd2 (13. Nxd5 $11 Bxd5 14. Nd2) 13... f6 14. Ne4
Nf4 15. c3 Rad8 16. Qc2 Rd7 17. Bf1 Rfd8 18. Rad1 Rd5 ({Not} 18... Bxa2 19. b3
$16) 19. Rd2 ({Better is} 19. a3 $15) 19... b6 20. Kh2 Qf7 21. b3 Qh5 22. Ng3
Qh6 23. Red1 (23. d4 $17) 23... Bg4 $19 24. a3 {[#]} (24. Ne1 {keeps fighting.}
) 24... Nxh3 $1 {[%mdl 576] Deflection} 25. gxh3 {With the idea Bg2.} Bxf3 26.
Bg2 Bxg2 27. Kxg2 Qg6 28. Kh2 Ne7 {[%cal Bc6e7,Be7f5,Bf5h4,Bh4f3][%mdl 32]} 29.
Ne4 Qf5 30. Rg1 Qf4+ 31. Ng3 Nf5 {Black is clearly winning.} 32. Qd1 Nh4 33.
Kh1 Nf3 {Weighted Error Value: White=0.60/Black=0.17} 0-1